<?xml version="1.0" encoding="UTF-8"?><?xml-stylesheet type="text/xsl" href="static/style.xsl"?><OAI-PMH xmlns="http://www.openarchives.org/OAI/2.0/" xmlns:xsi="http://www.w3.org/2001/XMLSchema-instance" xsi:schemaLocation="http://www.openarchives.org/OAI/2.0/ http://www.openarchives.org/OAI/2.0/OAI-PMH.xsd"><responseDate>2026-06-30T02:16:03Z</responseDate><request verb="GetRecord" identifier="oai:riubu.ubu.es:10259/83" metadataPrefix="marc">https://riubu.ubu.es/oai/request</request><GetRecord><record><header><identifier>oai:riubu.ubu.es:10259/83</identifier><datestamp>2022-04-27T08:43:41Z</datestamp><setSpec>com_10259_2699</setSpec><setSpec>col_10259_2701</setSpec></header><metadata><record xmlns="http://www.loc.gov/MARC21/slim" xmlns:doc="http://www.lyncode.com/xoai" xmlns:xsi="http://www.w3.org/2001/XMLSchema-instance" xmlns:dcterms="http://purl.org/dc/terms/" xsi:schemaLocation="http://www.loc.gov/MARC21/slim http://www.loc.gov/standards/marcxml/schema/MARC21slim.xsd">
<leader>00925njm 22002777a 4500</leader>
<datafield tag="042" ind1=" " ind2=" ">
<subfield code="a">dc</subfield>
</datafield>
<datafield tag="720" ind1=" " ind2=" ">
<subfield code="a">Sánchez Estivalles, Pedro</subfield>
<subfield code="e">author</subfield>
</datafield>
<datafield tag="260" ind1=" " ind2=" ">
<subfield code="c">2007</subfield>
</datafield>
<datafield tag="520" ind1=" " ind2=" ">
<subfield code="a">La consecución de esta Tesis Doctoral se ha centrado en el avance científico-tecnico que supone la nueva tecnología híbrida de ultrafiltración extractiva empleando contactores de membrana, consistente en un proceso de extracción reactiva con disolventes asistida con membranas. Se estudió la viabilidad técnica del proceso de extracción-reextracción utilizando dos módulos de fibras huecas en serie aplicado a la recuperación y fraccionamiento de  aminoácidos. Se han elegido -fenilglicina y ácido aspártico como aminoácidos modelo por su elevado interés industrial. En este estudio se ha realizado la selección del disolvente  más adecuado en función tanto de sus características como extractante como de sus propiedades fisico-químicas. La determinación de los coeficientes globales e individuales de transferencia de materia se ha realizado utilizando un modelo matemático sencillo aplicado tanto a las etapas por separado como al proceso integrado. Se analizó también la influencia de la hidrodinámica (número de Reynolds) sobre el coeficiente global de transferencia de materia. __________________________________ &#xd;
The performance of membrane contactors to carry out liquid-liquid extraction and back-extraction for the recovery of amino acids (phenylglycine and aspartic acid) from dilute aqueous solutions has been investigated in the present work. The membrane assisted liquid extraction is a hybrid process which allows the integration in only one unit of the two steps involved in liquid-liquid extraction. This study looks closely at two amino acid models in increasing use nowadays: phenylglycine and aspartic acid. The effect of the stripping phase on the recovery yield was investigated. The viability of the integrated process of recovery and separation of -phenylglycine and aspartic acid from the dilute aqueous solutions was studied. The values of the mass transfer coefficients (overall and individual) were estimated by using a simple mathematic model. The influence of hydrodynamics (Reynolds number) on the overall mass transfer coefficients was also analyzed.</subfield>
</datafield>
<datafield tag="024" ind2=" " ind1="8">
<subfield code="a">978-84-96394-95-7</subfield>
</datafield>
<datafield tag="024" ind2=" " ind1="8">
<subfield code="a">http://hdl.handle.net/10259/83</subfield>
</datafield>
<datafield tag="024" ind2=" " ind1="8">
<subfield code="a">10.36443/10259/83</subfield>
</datafield>
<datafield ind1=" " ind2=" " tag="653">
<subfield code="a">membranas</subfield>
</datafield>
<datafield ind1=" " ind2=" " tag="653">
<subfield code="a">aminoácidos</subfield>
</datafield>
<datafield ind1=" " ind2=" " tag="653">
<subfield code="a">alpha-fenilglicina</subfield>
</datafield>
<datafield ind1=" " ind2=" " tag="653">
<subfield code="a">ácido aspártico</subfield>
</datafield>
<datafield ind1=" " ind2=" " tag="653">
<subfield code="a">extracción</subfield>
</datafield>
<datafield ind1=" " ind2=" " tag="653">
<subfield code="a">membrane</subfield>
</datafield>
<datafield ind1=" " ind2=" " tag="653">
<subfield code="a">amino acids</subfield>
</datafield>
<datafield ind1=" " ind2=" " tag="653">
<subfield code="a">alpha-phenylglicine</subfield>
</datafield>
<datafield ind1=" " ind2=" " tag="653">
<subfield code="a">aspartic acid</subfield>
</datafield>
<datafield ind1=" " ind2=" " tag="653">
<subfield code="a">extraction</subfield>
</datafield>
<datafield tag="245" ind1="0" ind2="0">
<subfield code="a">Análisis de un proceso de ultrafiltración extractiva de aminoácidos utilizando contactores de fibras huecas</subfield>
</datafield>
</record></metadata></record></GetRecord></OAI-PMH>